Missing Word: 1990s TV Shows Quiz Stats

 Plays Quiz Updated Sep 16, 2016

Score 0/22 Timer 02:00
2 Plays Today
TV show Missing Word % Correct
Buffy the ____ SlayerVampire
97.9%
The ____ Prince of Bel-AirFresh
97.9%
Saved by the ____Bell
97.8%
____ ImprovementHome
96.7%
____ Hills, 90210Beverly
96.6%
Married... with ____Children
94%
Boy Meets ____World
92%
3rd ____ from the SunRock
90.7%
The ____ Carey ShowDrew
88.6%
____ CreekDawson's
88%
Mad About ____You
87.7%
TV show Missing Word % Correct
____ MattersFamily
85.5%
The Wonder ____Years
83.3%
Freaks and ____Geeks
83.2%
Ally ____McBeal
79.1%
____ HouseFull
76.5%
Doogie Howser, ____M.D.
75.8%
Quantum ____Leap
69.4%
____ BrownMurphy
50%
Dear ____John
44%
Strangers with ____Candy
30.9%
Herman's ____Head
19.7%

Today's Daily Dose

Missing Word
Movies of 1964

Get the Picture
Rock Bands

You're not logged in!

Compare scores with friends on all Sporcle quizzes.
OR
Log In

Show Comments

Extras

Top Quizzes Today


Score Distribution

Your Account Isn't Verified!

In order to create a playlist on Sporcle, you need to verify the email address you used during registration. Go to your Sporcle Settings to finish the process.

Report this User

Report this user for behavior that violates our Community Guidelines.

Details: